000
00292nam a2200121Ia 4500
008
241002s9999 xx 000 0 und d
082
_a
824 HUX
100
_a
Huxley, Alsous
245
4
_a
The door of perception heaven a hell
260
_a
London:
_c
1960
600
_a
Literature
942
_c
UC
999
_c
18888
_d
18888